<?xml version="1.0" encoding="UTF-8"?>
<record
    xmlns:xsi="http://www.w3.org/2001/XMLSchema-instance"
    xsi:schemaLocation="http://www.loc.gov/MARC21/slim http://www.loc.gov/standards/marcxml/schema/MARC21slim.xsd"
    xmlns="http://www.loc.gov/MARC21/slim">

  <leader>01062nam2a2200265   4500</leader>
  <controlfield tag="001">rc\2644840</controlfield>
  <controlfield tag="005">20260315042803.0</controlfield>
  <datafield tag="035" ind1=" " ind2=" ">
    <subfield code="a">(NLR Aleph) 006952594</subfield>
  </datafield>
  <datafield tag="090" ind1=" " ind2=" ">
    <subfield code="a">13562214</subfield>
    <subfield code="c">13562214</subfield>
  </datafield>
  <datafield tag="100" ind1=" " ind2=" ">
    <subfield code="a">20110608d1932    u  y0rusy50      ca</subfield>
  </datafield>
  <datafield tag="101" ind1="0" ind2=" ">
    <subfield code="a">rus</subfield>
  </datafield>
  <datafield tag="102" ind1=" " ind2=" ">
    <subfield code="a">RU</subfield>
  </datafield>
  <datafield tag="105" ind1=" " ind2=" ">
    <subfield code="a">a   z   |||||</subfield>
  </datafield>
  <datafield tag="200" ind1="0" ind2=" ">
    <subfield code="a">&#x422;. 1</subfield>
    <subfield code="f">&#x41F;&#x43E; &#x43C;&#x435;&#x442;&#x43E;&#x434;&#x438;&#x43A;&#x435; &#x420;&#x443;&#x434;&#x438;&#x43A;&#x430;, &#x420;&#x430;&#x431;&#x438;&#x43D;&#x43E;&#x432;&#x438;&#x447;&#x430;, &#x42E;&#x440;&#x43E;&#x432;&#x441;&#x43A;&#x43E;&#x439;</subfield>
  </datafield>
  <datafield tag="210" ind1=" " ind2=" ">
    <subfield code="d">1932</subfield>
  </datafield>
  <datafield tag="215" ind1=" " ind2=" ">
    <subfield code="a">22 &#x441;.</subfield>
    <subfield code="c">&#x438;&#x43B;.</subfield>
  </datafield>
  <datafield tag="461" ind1=" " ind2="0">
    <subfield code="1">001rc\2644839</subfield>
    <subfield code="1">2001#$a&#x88;[&#x89;&#x422;&#x435;&#x441;&#x442;&#x44B;]$f&#x41A;&#x430;&#x431;&#x438;&#x43D;&#x435;&#x442; &#x43F;&#x435;&#x434;&#x43E;&#x43B;&#x43E;&#x433;&#x438;&#x438; &#x414;&#x430;&#x43B;&#x44C;&#x43D;&#x435;&#x432;&#x43E;&#x441;&#x442;. &#x43F;&#x435;&#x434;. &#x438;&#x43D;-&#x442;&#x430;$v&#x422;. 1</subfield>
    <subfield code="9">5262542</subfield>
    <subfield code="a">&#x414;&#x430;&#x43B;&#x44C;&#x43D;&#x435;&#x432;&#x43E;&#x441;&#x442;&#x43E;&#x447;&#x43D;&#x44B;&#x439; &#x43F;&#x435;&#x434;&#x430;&#x433;&#x43E;&#x433;&#x438;&#x447;&#x435;&#x441;&#x43A;&#x438;&#x439; &#x438;&#x43D;&#x441;&#x442;&#x438;&#x442;&#x443;&#x442; (&#x412;&#x43B;&#x430;&#x434;&#x438;&#x432;&#x43E;&#x441;&#x442;&#x43E;&#x43A;)</subfield>
    <subfield code="c">[&#x412;&#x43B;&#x430;&#x434;&#x438;&#x432;&#x43E;&#x441;&#x442;&#x43E;&#x43A;]</subfield>
    <subfield code="d">1932</subfield>
    <subfield code="f">&#x41A;&#x430;&#x431;&#x438;&#x43D;&#x435;&#x442; &#x43F;&#x435;&#x434;&#x43E;&#x43B;&#x43E;&#x433;&#x438;&#x438; &#x414;&#x430;&#x43B;&#x44C;&#x43D;&#x435;&#x432;&#x43E;&#x441;&#x442;. &#x43F;&#x435;&#x434;. &#x438;&#x43D;-&#x442;&#x430;</subfield>
    <subfield code="n">&#x411;. &#x438;.</subfield>
    <subfield code="t">&#x88;[&#x89;&#x422;&#x435;&#x441;&#x442;&#x44B;]</subfield>
    <subfield code="v">&#x422;. 1</subfield>
  </datafield>
  <datafield tag="702" ind1=" " ind2="1">
    <subfield code="a">&#x420;&#x443;&#x434;&#x438;&#x43A;</subfield>
    <subfield code="4">000</subfield>
  </datafield>
  <datafield tag="702" ind1=" " ind2="1">
    <subfield code="a">&#x420;&#x430;&#x431;&#x438;&#x43D;&#x43E;&#x432;&#x438;&#x447;</subfield>
    <subfield code="4">000</subfield>
  </datafield>
  <datafield tag="702" ind1=" " ind2="1">
    <subfield code="a">&#x42E;&#x440;&#x43E;&#x432;&#x441;&#x43A;&#x430;&#x44F;</subfield>
    <subfield code="4">000</subfield>
  </datafield>
  <datafield tag="801" ind1=" " ind2="0">
    <subfield code="a">RU</subfield>
    <subfield code="b">NLR</subfield>
    <subfield code="g">psbo</subfield>
  </datafield>
  <datafield tag="801" ind1=" " ind2="1">
    <subfield code="a">RU</subfield>
    <subfield code="b">ELAR</subfield>
    <subfield code="2">rusmarc</subfield>
  </datafield>
  <datafield tag="852" ind1=" " ind2=" ">
    <subfield code="a">NLR</subfield>
    <subfield code="j">32-19/578</subfield>
  </datafield>
  <datafield tag="942" ind1=" " ind2=" ">
    <subfield code="c">UNSPEC</subfield>
  </datafield>
  <datafield tag="980" ind1=" " ind2=" ">
    <subfield code="a">NB</subfield>
  </datafield>
</record>
